000 00535cam a2200193 i 4500
005 20260407123751.0
008 250721s2000 xxu gr 000 0 eng d
020 _a0194230198
082 1 4 _aF
_bC A R
100 1 _aCARROL, LEWIS
_eauthor.
245 1 0 _aTHROUGH THE LOOKING-GLASS /
_clewis carroll.
250 _asecond edition.
264 3 1 _bOXFORD BOOKWORMS LIBRARY,
_c2000.
_anew york :
300 _a72 Pages.
650 1 7 _aENGLISH LITERATURE.
650 1 7 _aNOVELS.
942 _2ddc
_cBK
999 _c142257
_d142257